| Tag |
First Indicator |
Second Indicator |
Subfields |
| LEADER |
00000cam a2200000 i 4500 |
| 001 |
in00000339607 |
| 005 |
20151011051954.0 |
| 008 |
751229s1975 dcu 00000 eng |
| 010 |
|
|
|a 75037121
|
| 020 |
|
|
|a 0309024358
|
| 035 |
|
|
|a (OCoLC)01966237
|
| 035 |
|
|
|9 ABL1586AM
|
| 040 |
|
|
|a DLC
|c DLC
|d TXA
|d UtOrBLW
|
| 043 |
|
|
|a n-us---
|
| 049 |
|
|
|a TXAM
|c 1 [1103242], 2 [1572797]
|
| 050 |
0 |
0 |
|a HD9006
|b .N36 1975
|
| 082 |
0 |
|
|a 338.1/9/73
|
| 110 |
2 |
|
|a National Research Council (U.S.).
|b Board on Agriculture and Renewable Resources.
|
| 245 |
1 |
0 |
|a World food and nutrition study :
|b enhancement of food production for the United States : a report of the Board on Agriculture and Renewable Resources, Commission on Natural Resources, National Research Council, prepared for the NRC Study on World Food and Nutrition.
|
| 264 |
|
1 |
|a Washington :
|b National Academy of Sciences,
|c 1975.
|
| 300 |
|
|
|a xiii, 174 pages ;
|c 28 cm.
|
| 336 |
|
|
|a text
|b txt
|2 rdacontent
|
| 337 |
|
|
|a unmediated
|b n
|2 rdamedia
|
| 338 |
|
|
|a volume
|b nc
|2 rdacarrier
|
| 650 |
|
0 |
|a Food supply
|z United States.
|
| 650 |
|
0 |
|a Agriculture
|z United States.
|
| 650 |
|
0 |
|a Agriculture
|x Research
|z United States.
|
| 650 |
|
0 |
|a Nutrition.
|
| 740 |
0 |
|
|a Enhancement of food production for the United States.
|
| 999 |
|
|
|a MARS
|
| 999 |
f |
f |
|s acaaa310-d751-3ced-9b6e-c6e10b9f0f68
|i adc3049e-ac50-3f02-9f82-106d6cc7db88
|t 0
|
| 952 |
f |
f |
|p ric
|a Texas A&M University
|b Rellis Campus
|c Joint Library Facility
|d Remote Storage
|t 0
|e HD9006 .N36 1975
|h Library of Congress classification
|i unmediated -- volume
|m A14802716507
|
| 998 |
f |
f |
|a HD9006 .N36 1975
|t 0
|l Remote Storage
|